000 01020nam a2200289 a 4500
001 BRL_1729
005 20190320211337.0
008 220715s1975----mx-a######---#000-0#spa-#
041 _aspa
044 _amx
050 4 _aF1219
_b.C63 1975
245 1 0 _aCodice chimalpopoca
_banales de Cuauhtitlan y leyenda de los soles
_cTraducción directa del náhuatl por Primo Feliciano Velázquez.
250 _a2a ed.
260 _aMéxico
_bUNAM, Instituro de Investigaciones Históricas
_c1975
300 _axxi, 161 páginas, 84 páginas de facsímil
_bil., laminas
_c23 cm
440 0 _aPrimera serie prehispánica
_v1
_927739
500 _aAu1908
630 0 4 _aCodice chimalpopoca
_927740
650 1 4 _aAztecas
_xHistoria
_92486
650 1 4 _aMitología Azteca
_92487
650 1 4 _aNáhuatl
_xtextos
_927741
650 1 4 _aManuscritos náhuatl
_vFacsímiles
_923794
651 4 _aMéxico
_xHistoria
_yHasta 1519
_99704
700 1 _aVelázquez, Primo Feliciano,
_d1860-1953
_etr.
_927742
902 _aGRL
942 _2lcc
_cB
999 _c10537
_d10537